| 000 | 00492cam a22001934a 4500 | ||
|---|---|---|---|
| 005 | 20250605164246.0 | ||
| 008 | 250528s ||||||||||||||||||||||||d | ||
| 035 | _a21545 | ||
| 020 | _a9780077163587 | ||
| 040 |
_aGR-AtMCL _bgre _dGR-AtMCL _eAACR2 |
||
| 245 | 1 | _aINTERNATIONAL BUSINESS COMPETING IN THE GLOBAL MARKETPLACE | |
| 250 | _aGLOBAL | ||
| 260 |
_bMcgraw Hill, _c2014 |
||
| 300 | _a654 | ||
| 700 | 1 |
_aHill W. Charles _91022 |
|
| 942 | _cBK | ||
| 999 |
_c6607 _d6607 |
||